Top 10 Youngest (Population) US States - Statistics

General Stats
  • This quiz has been taken 39 times
  • The average score is 6 of 10
Answer Stats
% State % Correct
24.7 Arizona
76%
26.8 Texas
76%
24.7 New Mexico
74%
25.1 Georgia
71%
31.1 Utah
65%
25.6 Alaska
62%
25.1 Kansas
50%
26.7 Idaho
47%
25.0 Mississippi
47%
25.0 Nebraska
38%
No matching quizzes found
Score Distribution
Percent of People with Each Score
Percentile by Number Answered
Your Score History
You have not taken this quiz